[Event "South Island Championship 2009"]
[Site "Dunedin"]
[Date "2009.07.11"]
[Round "1.1"]
[White "Mulligan, Allan W"]
[Black "Croad, Nicholas"]
[Result "0-1"]
[WhiteElo "1653"]
[BlackElo "2328"]
[PlyCount "32"]
[EventDate "2009.??.??"]
[EventType "swiss"]
[EventRounds "8"]
[EventCountry "NZL"]

1. d4 Nf6 2. e3 d5 3. Nf3 g6 4. Nc3 Bg7 5. Be2 O-O 6. O-O Nbd7 7. Qd3 c5 8.
dxc5 Nxc5 9. Qb5 b6 10. Qb4 a5 11. Qd4 Nfe4 12. Qxd5 Nxc3 13. Qxd8 Nxe2+ 14.
Kh1 Rxd8 15. a4 Ne4 16. Ra3 Rd1 0-1

[Event "South Island Championship 2009"]
[Site "Dunedin"]
[Date "2009.07.11"]
[Round "1.2"]
[White "Bennett, Hilton P"]
[Black "Scarf, Rex"]
[Result "1-0"]
[WhiteElo "1997"]
[BlackElo "1650"]
[PlyCount "27"]
[EventDate "2009.??.??"]
[EventType "swiss"]
[EventRounds "8"]
[EventCountry "NZL"]

1. e4 e5 2. d4 exd4 3. Qxd4 Nc6 4. Qe3 b6 5. Nc3 Bb7 6. Bd2 Nb4 7. O-O-O Qe7 8.
a3 a5 9. Bc4 Na6 10. Nf3 f6 11. Rhe1 O-O-O 12. e5 fxe5 13. Nxe5 Nh6 14. Qh3 1-0

[Event "South Island Championship 2009"]
[Site "Dunedin"]
[Date "2009.07.11"]
[Round "1.3"]
[White "Hamilton, Andrew"]
[Black "Jackson, L Ross"]
[Result "0-1"]
[WhiteElo "1644"]
[BlackElo "1868"]
[PlyCount "44"]
[EventDate "2009.??.??"]
[EventType "swiss"]
[EventRounds "8"]
[EventCountry "NZL"]

1. d3 d5 2. Bd2 e5 3. Qc1 Nf6 4. b3 Be7 5. Nf3 Nc6 6. h3 O-O 7. a3 Re8 8. Nc3
d4 9. Na4 Nd5 10. e4 dxe3 11. Bxe3 Nxe3 12. Qxe3 Nd4 13. Kd1 Nxf3 14. Qxf3 Bf6
15. Ra2 e4 16. Qe2 Bf5 17. Qd2 Bg5 18. Qa5 exd3 19. c4 Qe7 20. c5 d2 21. Bc4
Qe1+ 22. Rxe1 Rxe1# 0-1

[Event "South Island Championship 2009"]
[Site "Dunedin"]
[Date "2009.07.11"]
[Round "1.4"]
[White "Fraemohs, Peter"]
[Black "Roura, Federico"]
[Result "1-0"]
[WhiteElo "1853"]
[BlackElo "1640"]
[PlyCount "48"]
[EventDate "2009.??.??"]
[EventType "swiss"]
[EventRounds "8"]
[EventCountry "NZL"]

1. d4 Nf6 2. Bg5 h6 3. Bxf6 gxf6 4. Nf3 d6 5. e4 Bg4 6. Bd3 Nc6 7. c3 d5 8.
Nbd2 Qd7 9. Qb3 O-O-O 10. exd5 Qxd5 11. Be4 Qxb3 12. axb3 Kb8 13. d5 f5 14.
dxc6 fxe4 15. Ne5 Be6 16. cxb7 Kxb7 17. Nxe4 Rd5 18. Nc4 Rg8 19. g3 Rb5 20.
Ned2 Bxc4 21. Nxc4 e6 22. b4 Rbg5 23. f4 Bd6 24. O-O c6 1-0

[Event "South Island Championship 2009"]
[Site "Dunedin"]
[Date "2009.07.11"]
[Round "1.5"]
[White "Hamilton, Paul"]
[Black "Marko, Helmut P"]
[Result "0-1"]
[WhiteElo "1606"]
[BlackElo "1847"]
[PlyCount "74"]
[EventDate "2009.??.??"]
[EventType "swiss"]
[EventRounds "8"]
[EventCountry "NZL"]

1. e4 d6 2. Nf3 c5 3. Bc4 Nc6 4. h3 Nf6 5. Nc3 e6 6. O-O Be7 7. d3 O-O 8. Ne2
d5 9. exd5 exd5 10. Bb5 Bd7 11. c3 a6 12. Ba4 h6 13. Bc2 Bf5 14. Ng3 Bh7 15.
Bf4 Bd6 16. Bxd6 Qxd6 17. Rc1 b5 18. d4 c4 19. Bxh7+ Kxh7 20. Re1 Rfe8 21. Rxe8
Rxe8 22. Nh4 Qf4 23. Nf3 g6 24. Ne2 Rxe2 25. Kf1 Rxb2 26. g3 Qf5 27. g4 Qf4 28.
Kg2 Ne4 29. Rc2 Rxc2 30. Qxc2 Ng5 31. Nh2 Qe4+ 32. Qxe4 Nxe4 33. Nf3 Nxc3 34.
Ne5 Nxe5 35. dxe5 d4 36. Kf3 g5 37. a3 Kg7 0-1

[Event "South Island Championship 2009"]
[Site "Dunedin"]
[Date "2009.07.11"]
[Round "1.6"]
[White "Hothersall, Rik"]
[Black "Gloistein, Bruce"]
[Result "0-1"]
[WhiteElo "1837"]
[BlackElo "1583"]
[PlyCount "78"]
[EventDate "2009.??.??"]
[EventType "swiss"]
[EventRounds "8"]
[EventCountry "NZL"]

1. d4 d5 2. Nf3 Nf6 3. c4 e6 4. e3 Be7 5. Bd3 O-O 6. O-O h6 7. c5 a5 8. Nc3 b6
9. cxb6 cxb6 10. Bd2 Bb7 11. Rc1 Nc6 12. a3 Rc8 13. Re1 Bd6 14. e4 dxe4 15.
Bxe4 Nxe4 16. Rxe4 Ne7 17. Rg4 Nf5 18. Nb5 Bb8 19. Rxc8 Qxc8 20. Bf4 Bxf4 21.
Rxf4 Qd7 22. Nc3 Bxf3 23. Rxf3 Nxd4 24. Rd3 Rd8 25. Kf1 e5 26. Qh5 Qe6 27. Qh4
f6 28. Qe4 f5 29. Qe3 Qf6 30. Rd2 f4 31. Qe4 Qe6 32. h3 f3 33. g4 Kh8 34. Ke1
h5 35. Nb5 Qc4 36. Nc3 Qe6 37. Kf1 hxg4 38. Kg1 Qh6 39. hxg4 Qh3 0-1

[Event "South Island Championship 2009"]
[Site "Dunedin"]
[Date "2009.07.11"]
[Round "1.7"]
[White "Brockway, Andrew"]
[Black "Aimers, Geoffrey"]
[Result "0-1"]
[WhiteElo "1538"]
[BlackElo "1815"]
[PlyCount "94"]
[EventDate "2009.??.??"]
[EventType "swiss"]
[EventRounds "8"]
[EventCountry "NZL"]

1. e4 e5 2. Nf3 Nc6 3. Bb5 a6 4. Bxc6 bxc6 5. O-O d6 6. d4 exd4 7. Qxd4 Nf6 8.
e5 c5 9. Qe3 Ng4 10. Qe1 Be6 11. b3 Nxe5 12. Nxe5 dxe5 13. Qxe5 Be7 14. Qg3 Bf6
15. Nc3 O-O 16. Rb1 Qd4 17. Ne2 Qe4 18. Qd3 Qxd3 19. cxd3 Bf5 20. Rd1 Rfd8 21.
Bb2 Bxd3 22. Bxf6 gxf6 23. Kf1 Bxb1 24. Rxb1 Rd2 25. a4 Rad8 26. Ke1 Rc2 27.
Rc1 Rdd2 28. Rxc2 Rxc2 29. g3 Rb2 30. Nc1 Rc2 31. Nd3 c4 32. bxc4 Rxc4 33. Kd2
Rxa4 34. Kc2 Ra2+ 35. Kb3 Rd2 36. Kc3 Re2 37. Kb4 Rd2 38. Kc3 Re2 39. Kb4 Re6
40. Kc4 Rd6 41. Kc3 Kg7 42. Nf4 f5 43. h3 Kf6 44. Nd3 a5 45. Nb2 Rc6+ 46. Kd4
Rc2 47. Nd1 Rd2+ 0-1

[Event "South Island Championship 2009"]
[Site "Dunedin"]
[Date "2009.07.11"]
[Round "1.8"]
[White "Gold, Hamish R"]
[Black "Keeling, Roy L"]
[Result "1-0"]
[WhiteElo "1772"]
[BlackElo "1453"]
[PlyCount "73"]
[EventDate "2009.??.??"]
[EventType "swiss"]
[EventRounds "8"]
[EventCountry "NZL"]

1. d4 Nf6 2. Nf3 g6 3. c4 Bg7 4. Nc3 O-O 5. e4 d6 6. Be2 Nbd7 7. O-O Re8 8. b4
c6 9. h3 e5 10. d5 cxd5 11. cxd5 a6 12. a4 b6 13. Ba3 Bb7 14. Rc1 Rc8 15. b5
Nc5 16. Bxc5 Rxc5 17. bxa6 Ba8 18. Bd3 Bh6 19. Rc2 Qc7 20. Nb5 Qb8 21. Rxc5
bxc5 22. Qe2 Rd8 23. Rb1 Qc8 24. a7 Nh5 25. Nxd6 Nf4 26. Qc2 Nxh3+ 27. Kf1 Qd7
28. Nb5 Nf4 29. Nxe5 Qe7 30. Nf3 Nxd3 31. Qxd3 Bg7 32. Nd2 Qh4 33. g3 Qf6 34.
Nc7 Qc3 35. Qxc3 Bxc3 36. Nxa8 Kg7 37. Nb6 1-0

[Event "South Island Championship 2009"]
[Site "Dunedin"]
[Date "2009.07.11"]
[Round "1.9"]
[White "Clarkson, Robert D"]
[Black "Nijman, Arie J"]
[Result "0-1"]
[WhiteElo "1423"]
[BlackElo "1734"]
[PlyCount "76"]
[EventDate "2009.??.??"]
[EventType "swiss"]
[EventRounds "8"]
[EventCountry "NZL"]

1. c4 e5 2. Nc3 d6 3. e4 Nc6 4. d3 g6 5. h3 Bg7 6. Nf3 Nf6 7. Be2 O-O 8. O-O h6
9. Be3 Kh7 10. Qd2 Be6 11. Rac1 Nd7 12. Ne1 f5 13. f4 exf4 14. Rxf4 g5 15. Rf1
f4 16. Bf2 Nf6 17. g4 fxg3 18. Bxg3 Bxh3 19. Rf2 Ng4 20. Bxg4 Bxg4 21. Rh2 Qf6
22. Bf2 Nd4 23. Nd5 Qe5 24. Bxd4 Qxd4+ 25. Ne3 Bf3 26. N1c2 Qe5 27. Nf5 Rxf5
28. exf5 Qxf5 29. Ne3 Qf4 30. Re1 Rf8 31. Rf2 Bd4 32. Kf1 Qh4 33. Rh2 Qg3 34.
Rf2 Bg2+ 35. Kg1 Bh3+ 36. Rg2 Bxg2 37. Qxg2 Qxe1+ 38. Kh2 Rf2 0-1

[Event "South Island Championship 2009"]
[Site "Dunedin"]
[Date "2009.07.11"]
[Round "1.10"]
[White "Dolejs, Dan"]
[Black "Shierlaw, Hamish"]
[Result "1-0"]
[WhiteElo "1693"]
[BlackElo "1373"]
[PlyCount "27"]
[EventDate "2009.??.??"]
[EventType "swiss"]
[EventRounds "8"]
[EventCountry "NZL"]

1. e4 e5 2. Nf3 Nc6 3. d4 exd4 4. Bc4 Be7 5. c3 d6 6. cxd4 Nf6 7. Nc3 O-O 8.
O-O Bg4 9. Be3 Re8 10. e5 dxe5 11. Bxf7+ Kxf7 12. Ng5+ Kg8 13. Qb3+ Kf8 14.
Qf7# 1-0

[Event "South Island Championship 2009"]
[Site "Dunedin"]
[Date "2009.07.11"]
[Round "1.11"]
[White "Rains, Edward"]
[Black "Cooper, Nigel"]
[Result "0-1"]
[WhiteElo "1312"]
[BlackElo "1655"]
[PlyCount "82"]
[EventDate "2009.??.??"]
[EventType "swiss"]
[EventRounds "8"]
[EventCountry "NZL"]

1. e4 e6 2. d4 d5 3. e5 c5 4. Nf3 Qb6 5. Nc3 Nc6 6. Bb5 Bd7 7. Bxc6 bxc6 8. O-O
cxd4 9. Nxd4 c5 10. Nb3 Ne7 11. Bg5 Nc6 12. Bf4 c4 13. Be3 Qb8 14. Nc5 Qxe5 15.
Nxd7 Kxd7 16. Na4 d4 17. g3 Qd5 18. Bf4 e5 19. Bc1 Qb5 20. Nc3 Qb6 21. Ne4 h6
22. Qg4+ Ke8 23. Qf3 Rd8 24. Rd1 Be7 25. a3 Nb8 26. Qg4 Kf8 27. Qf5 Nd7 28. h4
g6 29. Qf3 Kg7 30. Qg4 f5 31. Qf3 fxe4 32. Qxe4 Qf6 33. Qb7 Rhf8 34. Rf1 Nc5
35. Qxa7 Ne4 36. b4 Nxf2 37. Kg2 Qf3+ 38. Kg1 Nh3+ 39. Kh2 Qe2+ 40. Kxh3 Qxf1+
41. Kg4 Qf5# 0-1

[Event "South Island Championship 2009"]
[Site "Dunedin"]
[Date "2009.07.11"]
[Round "1.12"]
[White "Siripornpitak, Boyd"]
[Black "Rains, Timothy"]
[Result "0-1"]
[WhiteElo "1653"]
[BlackElo "1292"]
[PlyCount "58"]
[EventDate "2009.??.??"]
[EventType "swiss"]
[EventRounds "8"]
[EventCountry "NZL"]

1. e4 e5 2. Nf3 Nc6 3. Bb5 Nf6 4. O-O Nd4 5. Nxd4 exd4 6. e5 Nd5 7. e6 fxe6 8.
Qh5+ g6 9. Qe5 Qf6 10. Qe4 c6 11. Bc4 Bd6 12. g3 b5 13. Bxd5 cxd5 14. Qe2 Ba6
15. a4 Rb8 16. b3 d3 17. Qxd3 Qxa1 18. Nc3 Rb6 19. Qd4 Rf8 20. a5 Rc6 21. Re1
Bc5 22. Qxd5 Bxf2+ 23. Kg2 Bxe1 24. Qe5 Qxc1 25. Ne4 Bb7 26. Qb8+ Ke7 27. Qxb7
Qxc2 28. Qxb5 Qxe4+ 29. Kg1 Rf2 0-1

[Event "South Island Championship 2009"]
[Site "Dunedin"]
[Date "2009.07.11"]
[Round "2.1"]
[White "Croad, Nicholas"]
[Black "Gold, Hamish R"]
[Result "1-0"]
[WhiteElo "2328"]
[BlackElo "1772"]
[PlyCount "89"]
[EventDate "2009.??.??"]
[EventType "swiss"]
[EventRounds "8"]
[EventCountry "NZL"]

1. d4 d5 2. c4 e6 3. Nc3 c6 4. Nf3 Nf6 5. Bg5 h6 6. Bh4 Nbd7 7. e3 Be7 8. Rc1
a6 9. Bg3 Ne4 10. Nxe4 dxe4 11. Nd2 Qa5 12. a3 Nf6 13. Rc3 Nh5 14. Be5 Nf6 15.
b4 Qd8 16. c5 Nd5 17. Rc1 f6 18. Qh5+ Kd7 19. Bg3 f5 20. Nc4 Bf6 21. Nd6 Qg8
22. h4 g6 23. Qd1 g5 24. Qd2 Ke7 25. Nc4 Bd7 26. Bd6+ Kd8 27. Be5 Qg7 28. a4
gxh4 29. Rxh4 Qg6 30. Bxf6+ Qxf6 31. g3 Ke7 32. Ne5 Rag8 33. Bc4 f4 34. Bxd5
fxg3 35. fxg3 Rxg3 36. Rf4 Qxf4 37. exf4 exd5 38. Qh2 Rh3 39. Qxh3 Bxh3 40.
Ng6+ Kf6 41. Nxh8 Kg7 42. Kf2 Kxh8 43. Rh1 Bg4 44. Rxh6+ Kg7 45. Rd6 1-0

[Event "South Island Championship 2009"]
[Site "Dunedin"]
[Date "2009.07.11"]
[Round "2.2"]
[White "Nijman, Arie J"]
[Black "Bennett, Hilton P"]
[Result "1/2-1/2"]
[WhiteElo "1734"]
[BlackElo "1997"]
[PlyCount "51"]
[EventDate "2009.??.??"]
[EventType "swiss"]
[EventRounds "8"]
[EventCountry "NZL"]

1. e4 d5 2. exd5 Nf6 3. Nf3 Nxd5 4. d4 g6 5. Bc4 Bg7 6. c3 O-O 7. O-O Bg4 8.
Nbd2 c6 9. Qb3 Nb6 10. Ng5 Nxc4 11. Qxc4 h6 12. f3 Bf5 13. Nge4 e5 14. dxe5
Bxe5 15. Re1 Nd7 16. Nf1 Bg7 17. Qb3 Qc7 18. Nfg3 Be6 19. Qc2 Rad8 20. Be3 Nb6
21. Qc1 Kh7 22. Bf4 Qe7 23. Be3 Qc7 24. Bf4 Qe7 25. Be3 Qc7 26. Bf4 1/2-1/2

[Event "South Island Championship 2009"]
[Site "Dunedin"]
[Date "2009.07.11"]
[Round "2.3"]
[White "Jackson, L Ross"]
[Black "Dolejs, Dan"]
[Result "0-1"]
[WhiteElo "1868"]
[BlackElo "1693"]
[PlyCount "92"]
[EventDate "2009.??.??"]
[EventType "swiss"]
[EventRounds "8"]
[EventCountry "NZL"]

1. d4 d5 2. c4 e6 3. Nc3 Nf6 4. cxd5 exd5 5. Bf4 c6 6. e3 Bb4 7. Bd3 O-O 8.
Nge2 Nh5 9. Be5 Nd7 10. Ng3 Nxg3 11. Bxg3 Nf6 12. a3 Bxc3+ 13. bxc3 Ne4 14. Qc2
Bf5 15. f3 Nxg3 16. hxg3 Bxd3 17. Qxd3 f5 18. g4 g6 19. gxf5 Rxf5 20. Kf2 Qf6
21. Rab1 b6 22. Rh3 Rf8 23. e4 dxe4 24. Qxe4 Rf4 25. Qe3 Rf7 26. Re1 Rf5 27.
Qe8+ Rf8 28. Qd7 Rf7 29. Re8+ Kg7 30. Qc8 Rf8 31. Qb7+ Rf7 32. Qa8 Rh5 33. Rxh5
gxh5 34. Qb8 h4 35. Re4 h5 36. Re8 Kh7 37. Rg8 h3 38. Rg3 hxg2 39. Kxg2 h4 40.
Rh3 Qg5+ 41. Kf1 Rg7 42. Rh2 Qg1+ 43. Ke2 Re7+ 44. Kd2 Qe1+ 45. Kc2 Re2+ 46.
Kb3 Qb1+ 0-1

[Event "South Island Championship 2009"]
[Site "Dunedin"]
[Date "2009.07.11"]
[Round "2.4"]
[White "Cooper, Nigel"]
[Black "Fraemohs, Peter"]
[Result "0-1"]
[WhiteElo "1655"]
[BlackElo "1853"]
[PlyCount "66"]
[EventDate "2009.??.??"]
[EventType "swiss"]
[EventRounds "8"]
[EventCountry "NZL"]

1. e4 d6 2. d4 g6 3. Nf3 a6 4. g3 Nf6 5. Nc3 b5 6. a3 Bb7 7. Qe2 Bg7 8. Bg2 O-O
9. O-O Nbd7 10. Rd1 e6 11. e5 Ne8 12. Bg5 f6 13. exf6 Bxf6 14. Qxe6+ Kh8 15.
Bxf6+ Rxf6 16. Qe3 Ng7 17. d5 Qf8 18. Nd4 Re8 19. Qd2 Ne5 20. b3 Ng4 21. Rf1
Bc8 22. h3 Ne5 23. Rae1 Nf5 24. Ne4 Nxd4 25. Qxd4 Bxh3 26. Nxf6 Qxf6 27. Qe3
Bxg2 28. Kxg2 Rf8 29. f3 Qf5 30. Qc3 Kg8 31. f4 Ng4 32. Qxc7 Qxd5+ 33. Kg1 Qd2
0-1

[Event "South Island Championship 2009"]
[Site "Dunedin"]
[Date "2009.07.11"]
[Round "2.5"]
[White "Marko, Helmut P"]
[Black "Gloistein, Bruce"]
[Result "1-0"]
[WhiteElo "1847"]
[BlackElo "1583"]
[PlyCount "118"]
[EventDate "2009.??.??"]
[EventType "swiss"]
[EventRounds "8"]
[EventCountry "NZL"]

1. Nf3 Nf6 2. c4 d6 3. d4 g6 4. Nc3 c6 5. e4 Qb6 6. Be2 Bg7 7. O-O O-O 8. Qc2
Ng4 9. h3 Nf6 10. Be3 Qc7 11. Rac1 e5 12. d5 Nh5 13. Nh2 Nf4 14. Bf3 Qe7 15.
Ne2 Qg5 16. Kh1 Qf6 17. Qd2 g5 18. Rcd1 c5 19. b4 b6 20. b5 h6 21. a4 a5 22.
Bg4 Bxg4 23. hxg4 Ng6 24. Ng3 Nd7 25. Nh5 Qe7 26. g3 Nf6 27. f3 Nh8 28. Kg2
Nxh5 29. gxh5 f5 30. exf5 Rxf5 31. g4 Rf7 32. Qd3 Rf6 33. Rf2 Raf8 34. Nf1 Qf7
35. Qe4 Qd7 36. Ng3 Rf4 37. Bxf4 Rxf4 38. Qe2 e4 39. Nxe4 Be5 40. Re1 Nf7 41.
Rd1 Bd4 42. Rxd4 cxd4 43. Qd3 Ne5 44. Qxd4 Nxg4 45. Qxb6 Nxf2 46. Nxf2 Qe7 47.
Ng4 Qe2+ 48. Qf2 Qxc4 49. Nxh6+ Kh7 50. Ng4 Qxd5 51. Qc2+ Kh8 52. Qc8+ Kh7 53.
Qc2+ Kh8 54. Qc8+ Kh7 55. Qc2+ Kh8 56. Qc3+ Rd4 57. h6 Qc4 58. Qe3 Rxg4+ 59.
fxg4 Qxg4+ {Both players stopped recording moves at this point, unnoticed by
the arbiter, and the game could not be reconstructed. White eventually
promoted on b8 and Black resigned.} 1-0

[Event "South Island Championship 2009"]
[Site "Dunedin"]
[Date "2009.07.11"]
[Round "2.6"]
[White "Aimers, Geoffrey"]
[Black "Rains, Timothy"]
[Result "1-0"]
[WhiteElo "1815"]
[BlackElo "1292"]
[PlyCount "81"]
[EventDate "2009.??.??"]
[EventType "swiss"]
[EventRounds "8"]
[EventCountry "NZL"]

1. e4 e5 2. Nf3 Nc6 3. Bb5 Nf6 4. O-O Nd4 5. Nxd4 Nxe4 6. Nf3 c6 7. Ba4 b5 8.
Bb3 Bd6 9. Re1 Nc5 10. Nxe5 Bxe5 11. Rxe5+ Ne6 12. a4 Qf6 13. d4 d6 14. Re3 O-O
15. d5 cxd5 16. Bxd5 Rb8 17. axb5 Rxb5 18. Nc3 Rc5 19. Ne4 Qd4 20. Qxd4 Nxd4
21. Nxc5 Nxc2 22. Bxf7+ Kh8 23. Rxa7 Nxe3 24. Bxe3 dxc5 25. Ra8 Rd8 26. h3 h6
27. Be6 Rd6 28. Rxc8+ Kh7 29. Bf5+ g6 30. Rc7+ Kh8 31. Be4 h5 32. Bxc5 Rd1+ 33.
Kh2 Rc1 34. Bd4+ Kg8 35. Rxc1 h4 36. Rc7 g5 37. b4 g4 38. hxg4 Kf8 39. b5 Ke8
40. b6 Kd8 41. Bf6+ 1-0

[Event "South Island Championship 2009"]
[Site "Dunedin"]
[Date "2009.07.11"]
[Round "2.7"]
[White "Hamilton, Paul"]
[Black "Hothersall, Rik"]
[Result "0-1"]
[WhiteElo "1606"]
[BlackElo "1837"]
[PlyCount "131"]
[EventDate "2009.??.??"]
[EventType "swiss"]
[EventRounds "8"]
[EventCountry "NZL"]

1. e4 c5 2. Nf3 d6 3. c3 Nf6 4. d3 Nc6 5. Qc2 e5 6. h3 g6 7. Bg5 Bg7 8. Nbd2
O-O 9. Be2 Rb8 10. Nf1 b5 11. Ne3 Qa5 12. O-O Be6 13. Nh2 Rb7 14. f4 exf4 15.
Bxf4 Ne8 16. Bf3 Ne5 17. Be2 b4 18. c4 Nc6 19. Nf3 Nd4 20. Nxd4 Bxd4 21. Bh6
Qd8 22. Kh1 Ng7 23. Qd2 Qh4 24. Bf4 Qd8 25. Bf3 Rd7 26. Bg3 Qg5 27. Bf2 Nh5 28.
Bxh5 Qxh5 29. Nd5 Bg7 30. Be3 Bxd5 31. cxd5 Qe5 32. Rab1 a5 33. Rf2 Qe8 34. g4
f6 35. Bh6 c4 36. Bxg7 Kxg7 37. Re1 cxd3 38. Qxd3 Rc7 39. Qa6 Qe5 40. Kg2 Rc5
41. Qd3 Re8 42. Ree2 Qe7 43. Rc2 Qc7 44. Rcd2 Rc4 45. b3 Rc3 46. Qd4 Qe7 47. g5
Rf8 48. gxf6+ Rxf6 49. Rxf6 Qxf6 50. Qxf6+ Kxf6 51. Re2 Ke5 52. h4 h6 53. Rf2
Re3 54. h5 Rxe4 55. hxg6 Rg4+ 56. Kh2 Rxg6 57. Rf7 Kxd5 58. Rf5+ Kd4 59. Rxa5
Rg5 60. Ra4 Kc3 61. Ra6 Rd5 62. Rc6+ Kb2 63. Ra6 Rd2+ 64. Kg3 d5 65. Ra5 d4 66.
Ra6 {Time} 0-1

[Event "South Island Championship 2009"]
[Site "Dunedin"]
[Date "2009.07.11"]
[Round "2.8"]
[White "Brockway, Andrew"]
[Black "Siripornpitak, Boyd"]
[Result "0-1"]
[WhiteElo "1538"]
[BlackElo "1653"]
[PlyCount "88"]
[EventDate "2009.??.??"]
[EventType "swiss"]
[EventRounds "8"]
[EventCountry "NZL"]

1. e4 c5 2. Nc3 a6 3. f4 e6 4. Nf3 Nc6 5. d3 b5 6. g3 Bb7 7. Bg2 Be7 8. O-O d6
9. Qe1 Nf6 10. Bd2 O-O 11. e5 Nd7 12. exd6 Bxd6 13. Ne4 Be7 14. Qd1 Nf6 15.
Nxf6+ Bxf6 16. Bc3 Bxc3 17. bxc3 c4 18. Ne5 Qb6+ 19. d4 Nxe5 20. Bxb7 Nc6 21.
Bxa8 Rxa8 22. a3 Ne7 23. Qf3 Rd8 24. Rfe1 Qa5 25. Qb7 Nd5 26. f5 Qxc3 27. fxe6
Qxd4+ 28. Kg2 fxe6 29. Kh3 h5 30. Rf1 Qg4+ 31. Kg2 Ne3+ 32. Kg1 Nxf1 33. Rxf1
Rd2 34. Qf7+ Kh7 35. Rf2 Rxf2 36. Qxf2 e5 37. h4 Qd4 38. c3 Qxf2+ 39. Kxf2 Kg6
40. Ke3 Kf5 41. Kf3 g6 42. Ke3 Kg4 43. Ke4 Kxg3 44. Kxe5 Kxh4 0-1

[Event "South Island Championship 2009"]
[Site "Dunedin"]
[Date "2009.07.11"]
[Round "2.9"]
[White "Keeling, Roy L"]
[Black "Mulligan, Allan W"]
[Result "1/2-1/2"]
[WhiteElo "1453"]
[BlackElo "1653"]
[PlyCount "48"]
[EventDate "2009.??.??"]
[EventType "swiss"]
[EventRounds "8"]
[EventCountry "NZL"]

1. d4 d5 2. Nf3 Nf6 3. Bg5 Bf5 4. e3 c6 5. Be2 Nbd7 6. Nbd2 Qc7 7. c3 e5 8.
Bxf6 Nxf6 9. Nxe5 Bd6 10. Ndf3 Ng4 11. h3 Nxe5 12. dxe5 Bxe5 13. Nxe5 Qxe5 14.
Qd4 f6 15. O-O Qc7 16. Bg4 Be4 17. Bh5+ Ke7 18. f3 Bg6 19. Qc5+ Kf7 20. Bxg6+
hxg6 21. f4 Rh5 22. Rf3 b6 23. Qd4 Rah8 24. Raf1 Qd7 1/2-1/2

[Event "South Island Championship 2009"]
[Site "Dunedin"]
[Date "2009.07.11"]
[Round "2.10"]
[White "Scarf, Rex"]
[Black "Clarkson, Robert D"]
[Result "1-0"]
[WhiteElo "1650"]
[BlackElo "1423"]
[PlyCount "77"]
[EventDate "2009.??.??"]
[EventType "swiss"]
[EventRounds "8"]
[EventCountry "NZL"]

1. e4 e5 2. Nf3 d6 3. Bc4 Be7 4. Nc3 Nf6 5. d3 O-O 6. h3 Be6 7. Bxe6 fxe6 8.
Qe2 Nc6 9. O-O Nd4 10. Nxd4 exd4 11. Nd1 e5 12. f4 h6 13. f5 Qe8 14. g4 Nh7 15.
Kh2 Bh4 16. Rg1 g5 17. c3 c5 18. a3 Rf7 19. b4 Nf8 20. Qc2 Rc8 21. c4 b6 22. b5
Ra8 23. Qb2 Qd7 24. Bd2 Nh7 25. Be1 Bxe1 26. Rxe1 Nf6 27. Rg1 Rh7 28. a4 h5 29.
gxh5 Rxh5 30. Rg3 Qg7 31. Qg2 Kf7 32. Nf2 Rah8 33. Kg1 Qh6 34. a5 g4 35. hxg4
Rh2 36. Qf3 Rxf2 37. Kxf2 Qd2+ 38. Kf1 Rh2 39. axb6 {Time} 1-0

[Event "South Island Championship 2009"]
[Site "Dunedin"]
[Date "2009.07.11"]
[Round "2.11"]
[White "Shierlaw, Hamish"]
[Black "Hamilton, Andrew"]
[Result "0-1"]
[WhiteElo "1373"]
[BlackElo "1644"]
[PlyCount "122"]
[EventDate "2009.??.??"]
[EventType "swiss"]
[EventRounds "8"]
[EventCountry "NZL"]

1. e4 e5 2. Nf3 Nc6 3. Nc3 a6 4. d4 exd4 5. Nxd4 Nce7 6. Be3 c6 7. Bd3 b5 8.
O-O Ng6 9. f4 c5 10. Nf3 c4 11. Be2 Bb4 12. f5 N6e7 13. Nd5 Ba5 14. Qd4 f6 15.
Nxe7 Nxe7 16. c3 O-O 17. Qd6 Bc7 18. Qd4 Rb8 19. Kh1 Re8 20. Ne1 Bb7 21. Bf3
Be5 22. Qd2 Qc7 23. g3 Nc6 24. Rd1 Rbd8 25. Ng2 Ne7 26. Bf4 g5 27. fxg6 Nxg6
28. Rde1 d6 29. Qe3 a5 30. a3 b4 31. Bh5 Bxf4 32. gxf4 Bxe4 33. Qg3 d5 34. f5
Qxg3 35. hxg3 Bxg2+ 36. Kxg2 Rxe1 37. Rxe1 Ne5 38. axb4 axb4 39. Rd1 bxc3 40.
bxc3 Kg7 41. Be2 Rd7 42. Kf2 Kf7 43. Ke3 Ke7 44. Kd4 Kd6 45. g4 Nc6+ 46. Ke3
Kc5 47. Rd2 Re7+ 48. Kf4 Re4+ 49. Kg3 Re3+ 50. Kf4 Rxc3 51. g5 fxg5+ 52. Kxg5
Rg3+ 53. Kf6 Rg2 54. Ke6 Nd4+ 55. Ke5 Nxe2 56. Rxd5+ Kc6 57. Rd6+ Kc7 58. f6
Rg5+ 59. Ke6 Nf4+ 60. Ke7 Ng6+ 61. Ke6 Re5+ 0-1

[Event "South Island Championship 2009"]
[Site "Dunedin"]
[Date "2009.07.11"]
[Round "2.12"]
[White "Roura, Federico"]
[Black "Rains, Edward"]
[Result "1-0"]
[WhiteElo "1640"]
[BlackElo "1312"]
[PlyCount "101"]
[EventDate "2009.??.??"]
[EventType "swiss"]
[EventRounds "8"]
[EventCountry "NZL"]

1. d4 Nf6 2. c4 e6 3. Nc3 d5 4. cxd5 exd5 5. Bg5 Be7 6. e3 h6 7. Bxf6 Bxf6 8.
Bd3 a6 9. Nge2 Nc6 10. Qb3 Ne7 11. Nf4 c6 12. Nh5 b5 13. Nxf6+ gxf6 14. Qc2 f5
15. Ne2 Be6 16. b4 h5 17. h4 Qd7 18. f3 Rg8 19. Kf2 f6 20. Rac1 Rg7 21. Nf4 Rh7
22. Rh3 Kf7 23. Rg3 Rhh8 24. a3 Rac8 25. Nxe6 Qxe6 26. f4 Rcg8 27. Qe2 Rxg3 28.
Kxg3 Qc8 29. Qc2 Rg8+ 30. Kf3 Rh8 31. g3 Rg8 32. Qa2 Rh8 33. a4 Qb7 34. axb5
axb5 35. Ra1 Re8 36. Qa7 Qxa7 37. Rxa7 Kf8 38. Ke2 Kg8 39. Rd7 Kf8 40. Kf2 Kg8
41. Be2 Kf8 42. Bxh5 Ra8 43. Be2 Ra4 44. h5 Rxb4 45. h6 Ke8 46. Rxe7+ Kxe7 47.
h7 Ra4 48. h8=Q b4 49. Qg7+ Ke6 50. Qb7 Kd6 51. g4 1-0

[Event "South Island Championship 2009"]
[Site "Dunedin"]
[Date "2009.07.12"]
[Round "3.1"]
[White "Dolejs, Dan"]
[Black "Croad, Nicholas"]
[Result "1-0"]
[WhiteElo "1693"]
[BlackElo "2328"]
[PlyCount "62"]
[EventDate "2009.??.??"]
[EventType "swiss"]
[EventRounds "8"]
[EventCountry "NZL"]

1. e4 c5 2. Nf3 d6 3. Bc4 Nc6 4. c3 Nf6 5. d3 e6 6. Nbd2 Be7 7. Nf1 d5 8. exd5
Nxd5 9. Ng3 O-O 10. O-O a6 11. Bb3 b5 12. a3 Bb7 13. Bc2 Nf6 14. Qe2 Qc7 15.
Be3 Rad8 16. Rac1 Ne5 17. Nxe5 Qxe5 18. d4 cxd4 19. cxd4 Qd5 20. f3 Rfe8 21.
Ne4 e5 22. Qd3 g6 23. Ng5 Qd7 24. Bb3 Rf8 25. Rfd1 Nh5 26. Ne4 exd4 27. Bxd4
Nf4 28. Qe3 Qf5 29. Rc7 Bxe4 30. Qxe4 Qg5 31. g3 Rxd4 {Time} 1-0

[Event "South Island Championship 2009"]
[Site "Dunedin"]
[Date "2009.07.12"]
[Round "3.2"]
[White "Fraemohs, Peter"]
[Black "Marko, Helmut P"]
[Result "1-0"]
[WhiteElo "1853"]
[BlackElo "1847"]
[PlyCount "89"]
[EventDate "2009.??.??"]
[EventType "swiss"]
[EventRounds "8"]
[EventCountry "NZL"]

1. d4 Nf6 2. Bg5 e6 3. e4 d6 4. Nd2 Nbd7 5. Ngf3 Be7 6. Bd3 h6 7. Bxf6 Bxf6 8.
O-O O-O 9. Re1 e5 10. c3 c6 11. Nc4 Qe7 12. Ne3 g6 13. Rb1 Nb6 14. dxe5 dxe5
15. Qc2 Be6 16. b3 a5 17. c4 Nd7 18. Red1 Rfd8 19. h3 Nc5 20. Ra1 b6 21. Be2 h5
22. a3 Rxd1+ 23. Rxd1 Na6 24. Qb2 Bd7 25. b4 axb4 26. axb4 Nc7 27. b5 c5 28.
Ra1 Rxa1+ 29. Qxa1 Qd6 30. Qa7 Kg7 31. Nd5 Nxd5 32. cxd5 Be7 33. Nd2 Bd8 34.
Nc4 Qc7 35. Qxc7 Bxc7 36. d6 Bxd6 37. Nxd6 Kf6 38. Bc4 Ke7 39. Nxf7 Be6 40.
Nxe5 Kd6 41. f4 g5 42. Bxe6 Kxe6 43. g3 h4 44. Kf2 Kd6 45. Nc4+ 1-0